000 00448nam a22001337a 4500
999 _c66656
_d66653
082 _aR/IMS-20
100 _aBaybi Shaina
_a17-MPE-18
245 _aNetwork Reconfiguration fir Minimization of Power Losses in Radial Distribution System Using Composite Differential Evolution
260 _aNawabshah
_bQuest
_c2019
300 _a74
700 _aDepartment of Mathematical and Statistics
856 _uhttps://tinyurl.com/yc75czaa
942 _cTHESIS